| 000 | 00700nam a2200193 a 4500 | ||
|---|---|---|---|
| 008 | 060316s1984 ||||||||||||||||| || u | ||
| 020 | _a0070503788 | ||
| 050 | _aT 60.2 Pol | ||
| 100 | _aPolk, Edward J | ||
| 245 | 1 | 0 | _aMethods analysis and work measurement |
| 260 |
_aNew York : _bMcGraw-Hill _c1984 |
||
| 300 | _aviii, 294 p. : ill. | ||
| 350 | _a0.00 | ||
| 490 | _aMcGraw-Hill series in industrial engineering and management science | ||
| 500 | _aIncludes Bibliography | ||
| 650 | _aWORK MEASUREMENT | ||
| 700 | _aMariotti, John J | ||
| 995 |
_D0.00 _FCBU-MAIN LIBRARY (Kitwe) _H1 _I23.95 _M1 _UAVAILABLE _ZMain Library Open Access Collection |
||
| 999 |
_c51036 _d51036 |
||